NBA Teams Quiz - Statistics

General Stats
  • This quiz has been taken 11 times
  • The average score is 23 of 30
Answer Stats
Answer % Correct
Los Angeles Clippers
100%
Los Angeles Lakers
100%
Atlanta Hawks
89%
Cleveland Cavaliers
89%
Dallas Mavericks
89%
Denver Nuggets
89%
Golden State Warriors
89%
Indiana Pacers
89%
Minnesota Timberwolves
89%
Orlando Magic
89%
Boston Celtics
78%
Detroit Pistons
78%
Miami Heat
78%
Milwaukee Bucks
78%
New York Knicks
78%
Oklahoma City Thunder
78%
Philadelphia 76ers
78%
Portland Trailblazers
78%
Sacramento Kings
78%
San Antonio Spurs
78%
Washington Wizards
78%
Brooklyn Nets
67%
Charlotte Hornets
67%
Houston Rockets
67%
Memphis Grizzlies
67%
New Orleans Pelicans
67%
Phoenix Suns
67%
Toronto Raptors
67%
Utah Jazz
67%
Chicago Bulls
44%
No matching quizzes found
Score Distribution
Percent of People with Each Score
Percentile by Number Answered
Your Score History
You have not taken this quiz